| 000 | 00489nam a2200193Ia 4500 | ||
|---|---|---|---|
| 008 | 170705s9999 xx 000 0 und d | ||
| 020 | _a9780545000260 | ||
| 245 | _aAmazing dolphins! : | ||
| 245 | _bwildlife conservation society / | ||
| 245 | _cSarah L. Thomson. | ||
| 260 | _aNew York : | ||
| 260 | _bScholastic, | ||
| 260 | _c2006 | ||
| 300 | _a32 pages : | ||
| 300 | _bcolor illustration ; | ||
| 300 | _c22cm. | ||
| 440 | _aI can read! Reading with help 2. | ||
| 500 | _a670 | ||
| 999 |
_c336082 _d336082 |
||